000 00714nam a2200229Ia 4500
003 GCL
005 20240530102038.0
008 140319s9999 xx 000 0 ara d
040 _aGCL /
_cGCL
082 0 4 _a414.5
_bم ب
100 1 _aابن المعتز ، ابى العباس عبدالله
245 1 0 _aالبديع /
_cابن المعتز ، ابى العباس عبدالله
260 _a[بيروت ] :
_bدار الجيل ،
_c1990
300 _a180 ص؛
_b24 سم
650 0 4 _aاللغة العربية
650 0 4 _aالبلاغة العربية
650 0 4 _aالبديع
650 0 4 _aالبيان العربى
650 0 4 _aالطباق
650 0 4 _aالجناس
942 _2ddc
_cBK
999 _c29396
_d29396